00469nam a2200157Ia 4500008004100000020001600041050000900057050001000066245001900076260001900095260002900114300001400143440002400157999001900181952011100200170203s9999 xx 000 0 und d a0-710510977 aFic  b.C912 4aThe Creation / aUnited Kingdom bPeter Haddock Publishing a11 pages; aBible Story Pop-Ups c306114d306114 001040aSSISBbSSISBcGS FICTIONd2017-02-03l0o2209 .C912pLS-2635r2017-02-03 00:00:00w2017-02-03yBK